Pretty Little Liars quiz - Statistics

General Stats
  • This quiz has been taken 1,359 times
  • The average score is 32 of 48
Answer Stats
Question Tile Select % Correct
Poor .... Always wants Melissa's boyfriends. But remember, if you kiss I tell. All No
91%
Poor .... Always wants Melissa's boyfriends. But remember, if you kiss I tell. Aria No
91%
Poor .... Always wants Melissa's boyfriends. But remember, if you kiss I tell. Emily No
91%
Poor .... Always wants Melissa's boyfriends. But remember, if you kiss I tell. Hanna No
91%
Almost got you busted. Wanna know how? Ask Hanna! Alison No
86%
Poor .... Always wants Melissa's boyfriends. But remember, if you kiss I tell. Alison No
83%
Almost got you busted. Wanna know how? Ask Hanna! All No
81%
Almost got you busted. Wanna know how? Ask Hanna! Hanna No
81%
Poor .... Always wants Melissa's boyfriends. But remember, if you kiss I tell. Spencer Yes
81%
Almost got you busted. Wanna know how? Ask Hanna! Spencer No
80%
Wanna keep Mommy out of prison? I've got a job for you Aria No
79%
Almost got you busted. Wanna know how? Ask Hanna! Emily No
79%
Wanna keep Mommy out of prison? I've got a job for you Spencer No
79%
Wanna keep Mommy out of prison? I've got a job for you Emily No
78%
Wanna keep Mommy out of prison? I've got a job for you All No
77%
If only she could see how guilty you look... Alison No
76%
Wanna keep Mommy out of prison? I've got a job for you Alison No
75%
If only she could see how guilty you look... Spencer No
74%
There's only so much you can bury. You're not done with me yet Aria No
72%
Ever wonder what's going on when your back is turned? Spencer No
71%
There's only so much you can bury. You're not done with me yet Hanna No
69%
There's only so much you can bury. You're not done with me yet Spencer No
69%
Wanna keep Mommy out of prison? I've got a job for you Hanna Yes
68%
Rat me out, your blood's next Hanna No
68%
Sorry about losing my temper. My bad, love Spencer No
68%
Rat me out, your blood's next Alison No
67%
Sorry about losing my temper. My bad, love All No
67%
If only she could see how guilty you look... Aria No
67%
Sorry about losing my temper. My bad, love Aria No
67%
Ever wonder what's going on when your back is turned? Aria No
66%
If only she could see how guilty you look... Emily No
66%
Ever wonder what's going on when your back is turned? Alison No
64%
Sorry about losing my temper. My bad, love Alison No
64%
If only she could see how guilty you look... Hanna No
64%
Rat me out, your blood's next Aria No
62%
Sorry about losing my temper. My bad, love Emily No
62%
Rat me out, your blood's next Emily No
62%
Ever wonder what's going on when your back is turned? All No
61%
Rat me out, your blood's next Spencer No
61%
Ever wonder what's going on when your back is turned? Emily No
60%
There's only so much you can bury. You're not done with me yet Alison No
57%
Almost got you busted. Wanna know how? Ask Hanna! Aria Yes
54%
There's only so much you can bury. You're not done with me yet All No
46%
If only she could see how guilty you look... All Yes
27%
Sorry about losing my temper. My bad, love Hanna Yes
27%
Rat me out, your blood's next All Yes
23%
Ever wonder what's going on when your back is turned? Hanna Yes
14%
There's only so much you can bury. You're not done with me yet Emily Yes
13%
No matching quizzes found
Score Distribution
Percent of People with Each Score
Percentile by Number Answered
Your Score History
You have not taken this quiz